000 00529nam a22001817a 4500
999 _c3045
_d3045
003 AR-CdUCM
008 190305b ||||| |||| 00| 0 spa d
040 _aMUNICIPALIDAD PROVINCIAL DEL CUSCO
_cBIBLIOTECA MUNICIPAL DEL CUSCO
082 _a869.624 /
_bSA13
100 _aSacotto Arias, Augusto
_910356
245 _aVelorio del albañil /
260 _aQuito :
_c1938.
300 _a12 páginas ;
_c22.5 cm
500 _aDonación Familia Nieto
650 _aPoesía ecuatoriana
_91692
942 _2ddc
_cLIBROS
945 _araen